Landen die het dichtst bij Bahrein liggen - 1 minuut sprint - Statistieken

Algemene statistieken
  • Deze quiz is 24 keer genomen
  • De gemiddelde score is 13 van 20
Antwoordstatistieken
km land % Correct
1 Qatar
100%
448 Irak
95%
191 Iran
95%
0 Saoedi-Arabië
95%
771 Jemen
89%
509 Oman
89%
158 Verenigde Arabische Emiraten
89%
1088 Pakistan
84%
1269 Jordanië
79%
1077 Afghanistan
74%
322 Koeweit
74%
1283 Syrië
63%
1447 Armenië
47%
1264 Turkmenistan
47%
1356 Azerbeidzjan
42%
1449 Egypte
42%
1325 Turkije
42%
1513 Eritrea
32%
1513 Somalië
32%
1449 Soedan
21%
Geen overeenkomende quizzen gevonden
Scoreverdeling
Procent van Mensen met Elke Score
Percentiel versus Aantal Correcte Antwoorden
Uw Scoregeschiedenis
U heeft deze quiz nog niet genomen